Catalog

Record Details

Catalog Search



Stillwatch  Cover Image Book Book

Stillwatch / Mary Higgins Clark.

Summary:

A young woman, on the threshold of a career that leads her to Washington, discovers that her questions about her childhood have unlocked a dangerous secret. While working on a television series that will focus on a woman senator who is running for vice-president, journalist Pat Traymore discovers terrible secrets that threaten to destroy the candidate's reputation.

Record details

  • ISBN: 0671469525
  • ISBN: 9780671469528
  • ISBN: 9780671528201
  • ISBN: 0671528203
  • ISBN: 1568490704
  • ISBN: 9781568490700
  • Physical Description: 302 pages ; 22 cm.
  • Publisher: New York : Simon and Schuster, ©1984.
Subject: Young women > Crimes against > Washington (D.C.) > Fiction.
Television programs > Fiction.
journalist
Washington (D.C.)
Genre: Detective and mystery fiction.
Thrillers (Fiction)

LDR 01109cam a2200301 a 4500
001115799
003SBPL
00520221010192330.0
008840720s1984 nyu 000 1 eng
010 . ‡a 84014058
020 . ‡a0671469525
020 . ‡a9780671469528
020 . ‡a9780671528201 ‡q(pbk.)
020 . ‡a0671528203 ‡q(pbk.)
020 . ‡a1568490704
020 . ‡a9781568490700
035 . ‡a(CONS)115799
035 . ‡a(CPomAG)LMN290656
0500 . ‡aPS3553.L287 ‡bS7 1984
0820 . ‡a813/.54 ‡219
1001 . ‡aClark, Mary Higgins.
24510. ‡aStillwatch / ‡cMary Higgins Clark.
2460 . ‡a Still Watch / ‡cMary Higgins Clark.
2460 . ‡aStill-Watch
260 . ‡aNew York : ‡bSimon and Schuster, ‡c©1984.
300 . ‡a302 pages ; ‡c22 cm.
336 . ‡atext ‡btxt ‡2rdacontent
337 . ‡aunmediated ‡bn ‡2rdamedia
338 . ‡avolume ‡bnc ‡2rdacarrier
520 . ‡aA young woman, on the threshold of a career that leads her to Washington, discovers that her questions about her childhood have unlocked a dangerous secret. While working on a television series that will focus on a woman senator who is running for vice-president, journalist Pat Traymore discovers terrible secrets that threaten to destroy the candidate's reputation.
650 0. ‡aYoung women ‡xCrimes against ‡zWashington (D.C.) ‡vFiction.
650 4. ‡aTelevision programs ‡vFiction.
650 0. ‡ajournalist
651 7. ‡aWashington (D.C.) ‡2fast ‡0(OCoLC)fst01204505
655 7. ‡aDetective and mystery fiction. ‡2lcgft
655 7. ‡aThrillers (Fiction) ‡2lcgft
901 . ‡a115799 ‡bUnknown ‡c115799 ‡tbiblio

Additional Resources